000 00679nam a22002297a 4500
005 20240530110705.0
008 171225s2016 ua a g b 000 0dara d
017 _a2016/226
_bمصر. دار الكتب
020 _a9789779106489
040 _aEG-CaGPL
_cEG-CaGPL
082 0 4 _221
_a149.7
_bج ت
100 0 _aجابر عصفور
245 1 0 _aتحرير العقل /
_cجابر عصفور
250 _aط.1
260 _aالقاهرة :
_c2016 .
300 _a433 ص. ؛
_c24 سم.
650 0 7 _2qrmak
_aالاصولية
650 0 7 _2qrmak
_aالخطاب الدينى
651 _2qrmak
942 _2ddc
_cBK
999 _c63916
_d63916